000 00463nam a2200157 a 4500
020 _a0333368266 (hardcover)
020 _a9780333368268 (hardcover)
100 _aDaghestani
245 1 0 _aBuilding codes and specifications for the arab world /
260 _a[S.l.] :
_bPalgrave Macmillan,
_c1983.
300 _a288 p.
700 1 _aDaghestani, F.
700 1 _aetc.
856 4 0 _uhttp://www.amazon.com/exec/obidos/ASIN/0333368266/chopaconline-20
942 _cBK
999 _c14124
_d14124